000 00631nam a22002172a 4500
001 21480
003 BD-RjUL
005 20211209000706.0
008 140304s1957 uk 000 0 eng u
035 _a(BD-RjUL)21544
040 _aKEN
_dUKM
_dBD-RjUL
_beng
_cBD-RjUL
041 _aeng
082 _a824.91
_bCHS 1957
100 1 _aChurch, Richard,
_d1893-1972
_qRichard Church.
_966347
245 1 0 _aSmall moments /
_cDecorated with wood-engravings by Joan Hassall
260 _aLondon :
_bHutchinson,
_c1957.
300 _a182 p. :
_billus. ;
_c22 cm
942 _2ddc
_cBK
999 _c21480
_d21480